Представление документа в формате MARC21

Поле Инд. ПП Название Значение
Тип записи a
Библиографический уровень b
001 Контрольный номер RU/IS/BASE/264554041
005 Дата корректировки 20200522190626.3
008 Кодируемые данные 19970606
084 a Индекс другой классификации/Индекс ББК 63.3(2)-22
097 00 a 700
100 10 a Автор Виноградова Т.
q Полное имя Виноградова Татьяна
245 00 a Заглавие Рыбинск в планах и картах
504 00 a Библиография Примеч.
650 a Основная рубрика история
653 00 a Ключевые слова города
a Ключевые слова история города
a Ключевые слова Россия
a Ключевые слова Рыбинск
a Ключевые слова Ярославская область
773 00 t Заглавие источника Памятники Отечества
d Дата издания источника 1995
g Прочая информация № 34 (3 - 4). - С. 90 - 93 : ил.
w Контрольный № источника RU/IS/BASE/142436424
901 t Тип документа b